| Tag |
First Indicator |
Second Indicator |
Subfields |
| LEADER |
00000cam a2200000 a 4500 |
| 001 |
in00002017516 |
| 005 |
20230724200224.4 |
| 008 |
041117s2004 waua b 101 0 eng d |
| 020 |
|
|
|a 0819454567
|
| 035 |
|
|
|a (OCoLC)ocm56982888
|
| 040 |
|
|
|a LHL
|c LHL
|d TXA
|d UtOrBLW
|
| 049 |
|
|
|a TXAM
|
| 090 |
|
|
|a QD923
|b .L54 2004
|
| 245 |
0 |
0 |
|a Liquid crystals VIII :
|b 2-3 August 2004, Denver, Colorado, USA /
|c Iam-Choon Khoo, chair/editor ; sponsored and published by SPIE--the International Society for Optical Engineering.
|
| 246 |
3 |
0 |
|a Liquid crystals eight
|
| 246 |
3 |
|
|a Liquid crystals 8
|
| 264 |
|
1 |
|a Bellingham, Washington :
|b SPIE,
|c [2004]
|
| 264 |
|
4 |
|c ©2004
|
| 300 |
|
|
|a vii, 238 pages :
|b illustrations ;
|c 28 cm.
|
| 336 |
|
|
|a text
|b txt
|2 rdacontent
|
| 337 |
|
|
|a unmediated
|b n
|2 rdamedia
|
| 338 |
|
|
|a volume
|b nc
|2 rdacarrier
|
| 490 |
1 |
|
|a Proceedings / SPIE--the International Society for Optical Engineering ;
|v v. 5518
|
| 504 |
|
|
|a Includes bibliographical references and index.
|
| 650 |
|
0 |
|a Liquid crystals
|v Congresses.
|
| 700 |
1 |
|
|a Khoo, Iam-Choon.
|
| 710 |
2 |
|
|a Society of Photo-optical Instrumentation Engineers.
|
| 830 |
|
0 |
|a Proceedings of SPIE--the International Society for Optical Engineering ;
|v v. 5518.
|
| 856 |
4 |
1 |
|u https://www.spiedigitallibrary.org/conference-proceedings-of-SPIE/5518.toc
|t 0
|
| 948 |
|
|
|a cataloged
|b h
|c 2004/12/10
|d c
|e dmitchel
|f 9:30:20 am
|
| 994 |
|
|
|a E0
|b TXA
|
| 999 |
|
|
|a MARS
|
| 999 |
f |
f |
|s 68fef899-40a0-3c4c-87f1-5c52e734bc11
|i 963b7f3d-1623-39c2-b15d-5e9b86629f5e
|t 0
|
| 952 |
f |
f |
|p ric
|a Texas A&M University
|b Rellis Campus
|c Joint Library Facility
|d Remote Storage
|t 0
|e QD923 .L54 2004
|h Library of Congress classification
|i unmediated -- volume
|m A14831641242
|
| 998 |
f |
f |
|a QD923 .L54 2004
|t 0
|l Remote Storage
|